LEADER 00844nam0-22002651i-450- 001 990007736270403321 035 $a000773627 035 $aFED01000773627 035 $a(Aleph)000773627FED01 035 $a000773627 100 $a20021010d--------km-y0itay50------ba 101 0 $aita 200 1 $aInside information and securities trading$eA legal and economic analisys of the foundations of liability in the U.S.A. and the European Community$fBernhard Bergmans 210 $aLondon$cGraham & Trotman$d1991 215 $aXI, 222 p.$d24 cm 676 $a346.07 700 1$aBergmans,$bBernhard$0172771 801 0$aIT$bUNINA$gRICA$2UNIMARC 901 $aBK 912 $a990007736270403321 952 $a13-CD-339$b5129$fDDCP 959 $aDDCP 996 $aInside information and securities trading$9665165 997 $aUNINA DB $aGEN01